000 01396 a2200217 4500
003 Nust
005 20170207153157.0
010 _a 94042999
020 _a9812530754
040 _cNust
082 0 0 _a621.319
100 1 _aKimbark, Edward Wilson
245 1 0 _aPower system stability vol.1,2,3
_cEdward Wilson Kimbark.
_bElement of stability calculations
260 _aNew York :
_bA john wiley
_cc1995.
300 _aix,355 p;
_bill. ;
_c23 cm.
440 0 _aIEEE Press power systems engineering series
505 _aVolume 1: The Stability Problem (Page-1), The Swing Equation and Its Solution (Page-15), Solution of Networks (Page-53), The Equal Area Criterion for Stability (Page-122), Further Consideration of the Two Machines Systems (Page-149), Solution of Faulted Three Phase Networks (Page-193), Typical Stability Studies (Page-253), Volume 2: Faulty Clearing Power Circuit Breakers (Page-1), Faulty Clearing Protective Relays (Page-67), The Influence of Swinging and Out-of-Step Operation upon Protective Relays (Page-158), Rapid Re closing (Page-220), Volume 3: Synchronous Machines (Page-1), Excitation Systems (Page-137), Damper windings and Damping (Page-214), Steady-State Stability (Page-247),
538 _aAlmirah No.31 Shelf No.3
650 0 _aElectric power system stability.
856 4 1 _3Table of contents only
_uhttp://www.loc.gov/catdir/enhancements/fy0653/94042999-t.html
942 _2ddc
_cBK
999 _c180804
_d180804